000 00642cab a2200205 4500
001 WB3115-19
008 090401t1995 xxu||||| |||| 00| 0 eng d
035 _a(Sirsi) u51847
041 _aeng
245 _aRICS announces shortlist
260 _c1995
350 _a0
490 _aRICS Press Release
_v(PR39/95 CORP) 12 April 1995 (2)
520 _aOver 250 organisations were nominated for this year`s environmental and conservation awards of the RICS. A shortlist of 19 projects has been published.
650 _aCONSERVATION AWARDS
650 _aABOUT RICS-AWARDS
690 _aCONSERVATION
942 _n0
948 _c04/03/1997
999 _c32169
_d32169